00536nam a2200181 a 450000100060000000300090000600800410001502000150005604000280007108200180009910000650011724500710018226000420025330000110029565000120030665000110031865000250032917309CO-ViMGA141112s2004 ck r 000 u spa d a958940152X aCO-ViMGAbspacCO-ViMGA04a796.334 P153f1 aPaneso Zuluaga, Fernando Augusto; Quintero Sanchez, Fernando10aFútbol . Reglas de juego comentadas - 207 preguntas y respuestas aArmenia (Colombia), cKinesis, c2002 a215.p.14aDEPORTE14aFUTBOL14aREGLAMENTO DE FUTBOL